000 01157nam a22003617a 4500
001 818610
003 OSt
005 20210426092801.0
008 760916s1976 maua b 001 0 eng
010 _a 76044215
020 _a0409950068
040 _aeng
_cDLC
_deng
_beng
041 _aeng
050 0 0 _aRC71
_b.C63 1976b
060 _aWB141 C638
080 _a616
_bW-19
082 0 0 _a616.07/5
245 0 0 _aClinical methods :
_bthe history, physical, and laboratory examinations /
_c/ by: Butterworths
260 _aBoston :
_bButterworths
_cc1976.
300 _axix, 1098 p. :
_bill. ;
_c23 cm.
504 _aIncludes bibliographies and index.
650 0 _aDiagnosis.
650 0 _aDiagnostics
_977
650 2 _aDiagnosis.
650 2 _aDiagnosis, Laboratory.
653 _aდიაგნოსტიკა
653 _aსამედიცინო დიაგნოზები
700 1 _aWalker, H. Kenneth
_q(Henry Kenneth),
_d1936-
700 1 _aHall, W. Dallas
_q(Wilbur Dallas),
_d1938-
700 1 _aHurst, J. Willis
_q(John Willis),
_d1920-2011.
906 _a7
_bcbc
_corignew
_d1
_eocip
_f19
_gy-gencatlg
942 _2udc
_cBK
999 _c841
_d841